|
|
|
|
| LEADER |
00000nam0a2200000 4500 |
| 001 |
359428 |
| 005 |
20231102011205.0 |
| 035 |
|
|
|a (RuTPU)RU\TPU\retro\16707
|
| 090 |
|
|
|a 359428
|
| 100 |
|
|
|a 20201023d1856 m y0rusy50 ca
|
| 101 |
0 |
|
|a rus
|
| 102 |
|
|
|a RU
|
| 105 |
|
|
|a y z 000zy
|
| 200 |
1 |
|
|a Таблицы для определения металла, по данному содержанию в пуде, в рудах и заводских продуктах от 1 до 1,000000 пуд
|f сост. М. Гусельниковым
|
| 210 |
|
|
|a Барнаул
|c Казенная типография
|d 1856
|
| 215 |
|
|
|a [2], 217 с.
|c табл.
|
| 300 |
|
|
|a Текст в русской дореформенной орфографии
|
| 300 |
|
|
|a Печатано по приказанию Господина Горного Начальника Алтайских заводов Полковника Гернгросс. Заведывающий типографией П. Тихобаев
|
| 316 |
|
|
|5 63413507: 46//24
|a На титульном листе надпись: "[Во время] показаний правильно. Коллежский секретарь [нрзб]. Коллежский регистратор Гуляев"
|
| 316 |
|
|
|5 63413507: 46//24
|a На титульном листе надпись: "От Барнаульской Казенной библиотеки бесплатно"
|
| 317 |
|
|
|5 63413507: 46//24
|a Поступил в НТБ в 1903 г. в дар от Начальника Алтайского Горного округа в Барнауле А. Ф. Кублицкого-Пиоттух
|
| 606 |
1 |
|
|a Металлы
|x Определение
|2 stltpush
|3 (RuTPU)RU\TPU\subj\75047
|9 86928
|
| 610 |
1 |
|
|a коллекция Колывано-Воскресенских заводов
|
| 610 |
1 |
|
|a владельческая надпись
|
| 610 |
1 |
|
|a золотники
|
| 610 |
1 |
|
|a руды
|
| 610 |
1 |
|
|a измерения
|
| 610 |
1 |
|
|a доли
|
| 610 |
1 |
|
|a фунты
|
| 675 |
|
|
|a 546.3
|v 4
|
| 702 |
|
1 |
|a Гусельников
|b М.
|4 220
|
| 801 |
|
1 |
|a RU
|b 63413507
|c 20201023
|
| 942 |
|
|
|c BK
|